00792nam a2200193 a 4500003000200000005001700002008004100019050002800060100003100088245011100119260009200230300004000322504004100362650005600403650004900459650002700508650003700535650002600572020250314080323.0080526s19uu xx 00 eng d aPGS HM 1166b.M433 2007 aMatibag, Abby Geraldine P. aWatching reality TV shows and the social behavior of middle school students /cAbbey Geraldine P. Matibag. aLas Piñas City, Philippines : bSouthville International School and Colleges,c2007. a34 pages :billustrations ;c28 cm. aIncludes bibliographical references. aReality television programsvPsychological aspects. aReality television programsvSocial aspects. aTelevision and youth.  aSocial behavior in adolescence.  aMass media and youth.